000 00583nam a2200193 a 4500
001 1769855260288
003 YourLibrary
005 20260131161817.0
008 260131s2001##################000#0#eng##
020 _a9783631377376
082 0 4 _a332.42091724
_bGOU
100 1 _aGounot, Marcel,
_eauthor.
245 1 0 _aThe Efficiency of Multi-tier Savings and Credit Cooperatives in Developing Countries :
260 _bPeter Lang Pub Incorporated,
_c2001.
300 _a206 pages
650 0 _aBusiness & Economics.
942 _cENGLISH
040 _aYourLibrary
_beng
_cYourLibrary
999 _c609473
_d609473